Shi xue xin tan /
Saved in:
| Main Author: | |
|---|---|
| Format: | Book |
| Language: | Chinese |
| Published: |
Shanghai Shi :
Xin zhi shi chu ban she,
1954.
|
| Edition: | Di 1 ban. |
| Subjects: | |
| Tags: |
Add Tag
No Tags, Be the first to tag this record!
|
| LEADER | 00866cam a2200277 a 4500 | ||
|---|---|---|---|
| 001 | 004347316-4 | ||
| 005 | 20024617104250.0 | ||
| 008 | 900613s1954 cc b 000 0 chi | ||
| 010 | |a c 67003004 | ||
| 035 | 0 | |a ocm21797822 | |
| 040 | |a DLC |c CLU |d HkUST |d MH-HY |d CStRLIN | ||
| 050 | 0 | |a DS734.7 |b .C4565 1954 | |
| 100 | 1 | |6 880-01 |a Zhao, Lisheng. | |
| 245 | 1 | 0 | |6 880-02 |a Shi xue xin tan / |c Zhao Lisheng zhu. |
| 250 | |6 880-03 |a Di 1 ban. | ||
| 260 | |6 880-04 |a Shanghai Shi : |b Xin zhi shi chu ban she, |c 1954. | ||
| 300 | |a 111 p. ; |c 19 cm. | ||
| 504 | |a Includes bibliographical references. | ||
| 651 | 0 | |a China |x Historiography. | |
| 650 | 0 | |a Historiography. | |
| 880 | 1 | |6 100-01 |a 趙儷生. | |
| 880 | 1 | 0 | |6 245-02 |a 史學新探 / |c 趙儷生著. |
| 880 | |6 250-03 |a 第1版. | ||
| 880 | |6 260-04 |a 上海市 : |b 新知識出版社, |c 1954. | ||
| 988 | |a 20021127 | ||
| 906 | |0 DLC | ||


